[Event "2015 Alberta Closed"]
[Site "Calgary"]
[Date "2015.04.03"]
[Round "1.1"]
[White "Yam, Alex"]
[Black "Arruebarrena, Rafael"]
[Result "0-1"]
[WhiteElo "2367"]
[BlackElo "2334"]
[PlyCount "46"]
[EventDate "2015.04.03"]
[EventType "tourn"]
[EventRounds "5"]
[EventCountry "CAN"]

1. e4 c5 2. c3 Nf6 3. e5 Nd5 4. d4 cxd4 5. Nf3 e6 6. cxd4 d6 7. Bc4 Nc6 8. O-O
Be7 9. Qe2 O-O 10. Qe4 {A tabiya of the system. Black has tried no fewer than
15 different moves so far.} Qa5 {In this game Black opts for a very rare
continuation.} ({More popular is} 10... Qc7) ({or} 10... Bd7) 11. Nbd2 dxe5 {
Black releases the tension in the center a little early.} (11... Bd7 {has been
preferred so far.}) 12. dxe5 Rd8 13. a3 ({Here and later White has a chance to
play} 13. Nb3 $5 {and then complete his development with a good position.})
13... b5 14. Bd3 g6 15. h4 Bb7 16. h5 Qb6 ({The computer likes} 16... Qa4 $5 {
with an almost inevitable exchange of queens.}) 17. hxg6 $2 {White must not
hurry with this capture.} ({Instead, after} 17. Bb1 Rac8 {the position is
approximately equal.}) 17... hxg6 18. Bb1 Kg7 $1 {White has done all the hard
work opening up the h-file. Black says "thank you very much" and then uses the
file to his advantage.} 19. Qg4 {Clearing up the e4-square for the knight but
there is no time for that.} (19. Nb3 {is also insufficient as Black can simply
play} Rh8 {with an idea to double the rooks on the h-file.}) 19... Ne3 $1 {
This tactical blow is spectacular and fully sound.} ({Nevertheless, the
"boring"} 19... Rh8 $5 {also deserves attention.}) 20. Qf4 {The lesser evil.} (
20. fxe3 Qxe3+ 21. Rf2 {is not a bad practical chance but after} Bc5 22. Qh4
Nxe5 23. Nxe5 Qxe5 24. Nf1 Kg8 $1 25. Bc2 Rac8 {black attains an overwhelming
position.}) 20... Nxf1 21. Nc4 {Another nice try but Black finds a refutation.}
({Alternatively, if} 21. Nxf1 Rh8 22. Be3 Qd8 {then Black is up an exchange
for not very much.}) 21... Rd1 $1 {Crushing.} ({Wrong is} 21... bxc4 $2 22.
Qh6+ Kg8 23. Bxg6 fxg6 24. Qxg6+ {with a perpetual check.}) 22. Qh6+ ({No
better is} 22. Nxb6 Rh8 23. Bc2 Ng3+ 24. Bxd1 Rh1#) 22... Kg8 23. Nxb6 Ne3+ {
White resigned.} ({A possible conclusion of the game is} 23... Ne3+ 24. Kh2
Ng4+ 25. Kg3 Nxh6 26. Nxa8 Rxc1 {with at least a piece more for Black.}) 0-1

[Event "2015 Alberta Closed"]
[Site "Calgary"]
[Date "2015.04.03"]
[Round "1.2"]
[White "Porper, Edward"]
[Black "Ng, Gary"]
[Result "1-0"]
[WhiteElo "2492"]
[BlackElo "2320"]
[PlyCount "69"]
[EventDate "2015.04.03"]
[EventType "tourn"]
[EventRounds "5"]
[EventCountry "CAN"]

1. c4 c6 2. d4 d5 3. Nf3 Nf6 4. Nc3 a6 5. e3 Bf5 6. Qb3 b5 7. cxd5 cxd5 8. a4
b4 9. Qxb4 Nc6 10. Qc5 Na5 11. Qa3 e6 12. b4 Nc6 13. Na2 Qb8 14. Bd2 Ne4 15.
Qc1 $5 (15. Rc1 {was played in the game Chiburdanidze-Gustafsson, 2003, and
after} Qb7 16. a5 Nxd2 17. Kxd2 Nxb4 18. Qa4+ Qd7 19. Qxd7+ Kxd7 20. Ne5+ Ke8 {
Black restored material equality with a comfortable position.}) 15... Qb6 $1 {
Correct.} ({White's idea is revealed after} 15... Nxb4 $2 16. Nxb4 Bxb4 17.
Bb5+ $1 axb5 18. Qc6+ $1 Kd8 19. Bxb4 {with a large advantage.}) 16. b5 Nxd2 {
A human choice.} ({The computer promises Black full compensation after} 16...
Na5 $5 {but the consequences of this move are hard to calculate.}) 17. Nxd2 Na7
$2 ({Now} 17... Na5 {is no good in view of a simple} 18. bxa6) ({Black's best
is impossible to find:} 17... Rc8 $3 18. a5 Qb7 19. bxc6 Rxc6 20. Qd1 Bc2 {
with equality according to the computer.}) 18. Qb2 $2 {Edward gives his
opponent another chance to equalize.} ({Instead, White should immediately
clarify the situation by means of} 18. a5 $1 Qxa5 19. Nc3 Qc7 20. Rxa6 {
maintaining a healthy extra pawn.}) 18... axb5 $2 {Natural but insufficient.} (
18... Rc8 $3 {is again Black's best although it's impossible to figure out why.
} {White should now try something like} 19. Nb4 ({since} 19. a5 $6 {allows
Black too much activity after} Qxa5 20. bxa6 Bd6 21. Nc1 Rc2 $1)) 19. axb5 Be7
20. Nc3 {Now White consolidates and maintains his strong passed pawn. The rest
of the game needs no comments.} O-O 21. Be2 Nc6 22. O-O Nb4 23. Na4 Qd6 24. Nc5
Nc2 25. Rac1 Na3 26. Rc3 Nc4 27. Bxc4 dxc4 28. Nxc4 Qd8 29. b6 Rb8 30. Qb5 Qd5
31. Ne5 Bd6 32. Ned7 Be4 33. f3 Qh5 34. h3 Bf5 35. Ne4 1-0

[Event "2015 Alberta Closed"]
[Site "Calgary"]
[Date "2015.04.03"]
[Round "1.3"]
[White "Kazmaier, Daniel"]
[Black "Wang, Richard"]
[Result "0-1"]
[WhiteElo "2312"]
[BlackElo "2401"]
[PlyCount "116"]
[EventDate "2015.04.03"]
[EventType "tourn"]
[EventRounds "5"]
[EventCountry "CAN"]

1. d4 d5 2. c4 c6 3. Nf3 Nf6 4. Qb3 dxc4 5. Qxc4 Bg4 6. Nc3 Nbd7 7. e4 e5 {
This move was Magnus Carlsen's choice at the 2014 Olympiad.} (7... Bxf3 8. gxf3
e5 9. Be3 {was an earlier game between the same players that Dan won.}) 8. Nxe5
Nxe5 9. dxe5 Be6 10. Qd3 Ng4 11. Qxd8+ Rxd8 12. f4 ({The aforementioned game
Nyback-Carlsen, 2014, continued} 12. Bf4 Bc5 13. Bg3 Bd4 14. Rd1 Bxe5 {and
ended in a draw.}) 12... Bc5 {Black has full compensation for the pawn.} 13.
Be2 Ne3 14. Bxe3 Bxe3 15. g3 h5 16. h4 Ke7 17. Rf1 Bh3 18. Rf3 $6 {White is
trying to solve his development problems by simple means but it doesn't quite
work.} Bd2+ 19. Kf2 Bg4 20. Rd3 Rxd3 21. Bxd3 Rd8 22. Bf1 Bxc3 $6 {Black parts
with the bishop pair too early.} (22... Rd4 $5 {maintains the pressure and
promises Black a better position. White will not be able to hold on to his
extra pawn for long.}) 23. bxc3 Rd2+ 24. Ke3 Rc2 25. c4 {Again, Black has full
compensation for the missing pawn but no more than that.} g6 ({More forceful is
} 25... Rc3+ $5 26. Bd3 Ra3 {For example,} 27. Rb1 b6 28. Rb2 Be6 29. Kd2 Bg4
30. Rc2 c5 31. Ke3 g6 {and White cannot make any progress whatsoever.}) 26. a4
Kd7 (26... Be6 $5 {looks like a draw but Black may have been playing for a win.
}) 27. a5 c5 28. Ra3 Kc7 29. Ra1 {White elects to wait.} ({Instead,} 29. Rb3 $5
{deserves serious attention as now Black cannot easily create a passer.} {In
case of} Ra2 {White sacrifices a pawn but breaks through on the kingside:} 30.
f5 $1 gxf5 31. exf5 Bxf5 32. Be2 Rxa5 33. Bxh5 Be6 34. Bf3 b6 35. Rc3 {The
h-pawn is very dangerous and it is White who will be playing for a win here.})
29... Kc6 30. Ra3 Kc7 31. Ra1 a6 32. Ra3 Rb2 33. Ra1 ({It was a good moment to
execute the same key breakthrough:} 33. f5 gxf5 34. exf5 Bxf5 35. Be2 {Black
is facing a difficult defensive task here.}) 33... b6 34. axb6+ Kxb6 35. Ra3 a5
36. Ra1 Ka6 37. Ra3 Rh2 38. Rd3 ({Again,} 38. f5 $1 {is the right continuation.
}) 38... a4 39. Rd2 Rh1 40. Bd3 Ka5 41. f5 $2 {White has finally advanced on
the kingside but Black's passed pawn has become too strong in the meantime.} ({
It was time to seek a draw:} 41. Rb2 $1 {For example,} a3 42. Rb5+ Ka6 43. Rb3
Ra1 44. Kd2 a2 45. Ra3+ Kb6 46. Kc3 Rc1+ 47. Kb2 Rg1 48. Rb3+ {etc.}) 41...
gxf5 42. exf5 Re1+ 43. Kf4 {The position has suddenly become quite sharp, and
now every tempo is important.} Kb4 $2 ({The winning move is} 43... a3 $1 {in
accordance with the principal that passed pawns must advance.} {For example,}
44. e6 fxe6 45. f6 e5+ $1 46. Kg5 Be6 47. Bg6 Bxc4 48. f7 Rf1 {The position
still looks unclear but Black's passers are more dangerous than White's.}) 44.
Rf2 $2 {Unfortunately, a wrong move order.} ({Instead,} 44. e6 $1 {secures a
draw:} f6 (44... fxe6 45. f6 {is risky for Black}) 45. Be4 Kxc4 46. e7 Rf1+ 47.
Ke3 Re1+ 48. Kf4 {and neither side can avoid repetition.}) 44... a3 45. Be4 ({
Black wins after} 45. e6 {although it would be nice to see it on the board:} f6
46. Be4 Be2 $1 47. e7 a2 48. e8=Q a1=Q 49. Qb5+ Kc3 {The white king is in
desperate need of squares. Relatively best is} 50. Qxc5 {but after} Qc1+ 51.
Qe3+ Qxe3+ 52. Kxe3 Bd3+ {Black is up a piece.}) 45... Kb3 46. Bc2+ Kxc4 47.
Be4 Be2 48. Bb1 Rxb1 ({Black has a number of winning continuations here
including} 48... Kb4 49. Ba2 c4) 49. Rxe2 Rb8 50. Ke4 Kb3 51. Re3+ Kb4 52. Kd5
Rd8+ 53. Kc6 a2 54. Re1 Ra8 55. Ra1 c4 56. e6 fxe6 57. fxe6 Kb3 58. Kc5 c3 0-1

[Event "2015 Alberta Closed"]
[Site "Calgary"]
[Date "2015.04.04"]
[Round "2.1"]
[White "Arruebarrena, Rafael"]
[Black "Wang, Richard"]
[Result "1/2-1/2"]
[WhiteElo "2334"]
[BlackElo "2401"]
[PlyCount "136"]
[EventDate "2015.04.03"]
[EventType "tourn"]
[EventRounds "5"]
[EventCountry "CAN"]

1. e4 c5 2. Nf3 g6 3. d4 cxd4 4. Nxd4 Nc6 5. c4 Nf6 6. Nc3 Nxd4 7. Qxd4 d6 8.
Be3 Bg7 9. Be2 O-O 10. Qd2 Bd7 11. f3 a5 12. b3 Bc6 13. Rb1 Nd7 14. O-O Rc8 {
A novelty. Black usually leaves his queen's rook on a8 anticipating future
queenside operations.} ({The most popular move is} 14... Nc5) 15. Rfd1 f5 $6 {
This works in White's favor.} (15... Nc5 {is still the right continuation.})
16. exf5 Rxf5 17. Bd3 Rf8 18. Be4 {This natural attempt to increase control of
the light squares gives Black an opportunity to change the structure.} ({White
has a lot of useful moves at his disposal, e.g.,} 18. Rbc1 $5) 18... Bxc3 $1
19. Qxc3 Bxe4 20. fxe4 $1 Qc7 21. Qd4 Nf6 22. h3 Rfd8 23. Qb6 (23. Rf1 $5 {
deserves attention intending Bg5 next.}) 23... Nd7 $2 {This works in White's
favor.} ({Best is} 23... Re8 $1 {sacrificing the a5-pawn temporarily.} {Then}
24. Qxc7 Rxc7 25. Bb6 {leads nowhere: after} Rc6 26. Bxa5 Ra6 27. Bb4 Rxa2 {
Black recovers his pawn with equality.}) 24. Qxc7 Rxc7 25. e5 $1 {Black must
have missed this resource.} Rc6 {A sad necessity as either capture on e5 loses
an exchange to Bb6.} 26. exd6 exd6 (26... Rxd6 {is worse:} 27. Bf4 Rxd1+ 28.
Rxd1 Kf7 29. Bc7 Rc8 30. Bxa5 {and White's advantage is decisive.}) 27. Rd5 b6
28. Rbd1 Nc5 29. Bf4 Nb7 ({Instead of passively defending Black can try} 29...
a4 $5 {intending to exchange a few pawns. A sample line is} 30. Bxd6 axb3 31.
Bxc5 Rxd5 32. cxd5 Rxc5 33. d6 Rc8 34. axb3 Rd8 35. d7 Kf7 36. Rd6 Ke7 37. Rxb6
Rxd7 {with chances to hold.}) 30. Re1 Kf7 31. Rd2 Re8 32. Rf1 Kg7 {White has a
pleasant position but just one weakness (d6) is not enough to win. Some
kingside action is required to create a second weakness. Unfortunately, Rafael
loses the thread of the game at this point and blunders before the time
control.} 33. Bg5 Nc5 34. Rdf2 Rc7 35. Bf6+ Kg8 36. Bd4 Rce7 37. Rf6 $2 Ne4 $1
{Black wins an exchange obtaining what looks like a decisive advantage.} 38.
R6f4 Ng3 39. Bxb6 Ne2+ 40. Kh2 Nxf4 41. Rxf4 Re2 42. Bxa5 Rxa2 43. Bb4 Ree2 44.
Rg4 Ra6 45. Rd4 Raa2 46. Rg4 {It turns out that things are not so simple for
Black as he cannot keep the d6-pawn. Only a detailed analysis can show whether
Black can actually win this position.} Rab2 47. Rg3 Re6 48. Rd3 Ree2 49. Rg3
Rb1 50. Bxd6 Reb2 51. c5 Rxb3 52. Rxb3 Rxb3 53. c6 Rc3 54. c7 Kf7 55. Kg1 Ke6
56. Bh2 Rc2 57. Kf1 Kd5 ({The computer suggests} 57... g5 {but how can Black
make real progress?}) 58. Ke1 Ke4 59. Kd1 Kd3 60. h4 h6 61. Bg3 Rc6 62. Bf4 Rc4
63. g3 {Material is about to be exhausted soon.} Rc6 64. Ke1 Ke4 65. Ke2 Rc4
66. Kd2 g5 67. hxg5 hxg5 68. Bxg5 Rxc7 1/2-1/2

[Event "2015 Alberta Closed"]
[Site "Calgary"]
[Date "2015.04.04"]
[Round "2.2"]
[White "Ng, Gary"]
[Black "Kazmaier, Daniel"]
[Result "1-0"]
[WhiteElo "2320"]
[BlackElo "2312"]
[PlyCount "69"]
[EventDate "2015.04.03"]
[EventType "tourn"]
[EventRounds "5"]
[EventCountry "CAN"]

1. b4 e5 2. Bb2 Bxb4 3. Bxe5 Nf6 4. c4 O-O 5. Nf3 d5 6. e3 Re8 7. Bb2 Bf5 8.
Qb3 Nc6 9. Be2 ({The greedy} 9. a3 Bf8 10. Qxb7 $2 {is punished by} Na5 11. Qa6
Nb3) 9... Ne4 {A novelty involving a pawn sacrifice. However, the
complications favor White.} (9... a5 $5 10. a3 a4 11. Qd1 Bd6 {with normal
play.}) 10. cxd5 {White correctly picks up the gauntlet.} Nc5 11. Qc4 Re4 $2 ({
Immediate} 11... b5 $1 {is best.} {A sample line is} 12. Qxb5 Qxd5 13. O-O Rab8
14. Qc4 Qxc4 15. Bxc4 Bd3 16. Bxd3 Nxd3 17. Bd4 Nxd4 18. Nxd4 {White is up a
pawn but Black's active pieces give him some compensation.}) 12. Bd4 $1 b5 {
This is still the best chance.} (12... Nxd4 13. Nxd4 {leads nowhere.}) 13. Qxb5
Rb8 $2 {The white queen is about to be trapped but the price will be too high
for Black.} ({After relatively best} 13... Qxd5 14. O-O Rb8 15. Qc4 {the
e4-rook gets in the way of other black pieces.}) 14. Qxc6 Rb6 ({Black can try
to trap the opponent's queen in a different way} 14... Rxd4 15. Nxd4 Bd7 {
Nevertheless, White remains on top, the most precise continuation being} 16. a3
Bxc6 17. axb4 Qxd5 18. bxc5) 15. Qxc5 Bxc5 16. Bxc5 Rg6 17. Nc3 {White is up
material and his minor pieces will soon dominate the opponent's queen. Black's
desperate tries don't change much.} Rxg2 18. Bxa7 Rb4 19. Bc5 Rb8 20. a4 {This
passed pawn is very difficult to stop.} Qf6 21. Bd4 Qg6 22. Be5 Be4 23. Kf1 Rg4
24. Bxc7 Ra8 25. Ne5 Qg5 26. f3 Rh4 27. Nxe4 Rxe4 28. fxe4 Qf6+ 29. Bf3 Re8 30.
Ke2 Rxe5 31. Bxe5 Qxe5 32. a5 Qb8 33. a6 Qb5+ 34. Kf2 Qb2 35. a7 1-0

[Event "2015 Alberta Closed"]
[Site "Calgary"]
[Date "2015.04.04"]
[Round "2.3"]
[White "Yam, Alex"]
[Black "Porper, Edward"]
[Result "1-0"]
[WhiteElo "2367"]
[BlackElo "2492"]
[PlyCount "75"]
[EventDate "2015.04.03"]
[EventType "tourn"]
[EventRounds "5"]
[EventCountry "CAN"]

1. e4 e5 2. Nc3 Nf6 3. f4 d5 4. fxe5 Nxe4 5. Nf3 Nc6 6. d3 Nxc3 7. bxc3 d4 $1 {
The key move in this line that scores excellently.} 8. Bb2 dxc3 9. Bxc3 Qd5 (
9... Bg4 $5 10. Be2 Bc5 {looks even more promising. Black will castle next and
then take control of the important d4-square.}) 10. Be2 Bc5 11. d4 Bb6 12. O-O
{Perhaps, the critical moment of the whole game.} O-O $2 {This natural move
turns out to be too slow.} ({Bad is} 12... Nxe5 $2 {that wins a pawn but
leaves Black desperately behind in development.} {White has} 13. a4 $1 a5 14.
Nxe5 Qxe5 15. Bb5+ Kd8 16. Qf3 {with massive attack.}) ({Correct is} 12... Be6
$1 {intending to increase the pressure on the opponent's center by castling
queenside.} {Now after} 13. Bb2 Nxe5 14. Nxe5 Qxe5 15. Kh1 Qa5 {White may not
even have enough compensation for the pawn.}) 13. Kh1 $1 {There is enough time
to consolidate.} Bg4 14. Bb2 $1 {The way is clear for the pawns.} Rad8 15. c4
Qe4 16. Bd3 Qe3 17. Qb3 Qh6 18. c5 Ba5 $2 ({Black's last chance to stop the
pawns is} 18... Be6 $1) 19. d5 {Now White's position is simply overwhelming.}
Nb4 20. Bc4 Na6 21. Bd4 Qf4 22. Rad1 Nb8 23. e6 Rc8 24. e7 Rfe8 25. Be5 Qe4 26.
d6 Bh5 27. Qd3 (27. Ng5 Qxe5 28. Bxf7+ {is the quickest way to victory
although it doesn't really matter.}) 27... Qxd3 28. Rxd3 cxd6 29. Bxd6 Nc6 30.
Ng5 Nxe7 31. Rh3 Bg6 32. Nxf7 {The rest of the game is a massacre.} h5 33. Bxe7
Rxe7 34. Nd6+ Kh7 35. Nxc8 Rc7 36. Nd6 Rxc5 37. Bd3 Rc7 38. Rxh5+ 1-0

[Event "2015 Alberta Closed"]
[Site "Calgary"]
[Date "2015.04.04"]
[Round "3.1"]
[White "Porper, Edward"]
[Black "Arruebarrena, Rafael"]
[Result "1/2-1/2"]
[WhiteElo "2492"]
[BlackElo "2334"]
[PlyCount "98"]
[EventDate "2015.04.03"]
[EventType "tourn"]
[EventRounds "5"]
[EventCountry "CAN"]

1. d4 Nf6 2. c4 g6 3. Nc3 d5 4. e3 Bg7 5. cxd5 Nxd5 6. Nxd5 Qxd5 7. Ne2 O-O 8.
Nc3 Qd8 9. Be2 c6 10. O-O e5 11. dxe5 Bxe5 12. e4 Qe7 13. Qc2 Nd7 14. Be3 Re8
15. Rad1 Bg7 16. Bd4 Nb6 17. Bxg7 Kxg7 18. Rd4 Be6 19. Rfd1 Qg5 20. b3 (20. Qd3
$5 {is interesting as now Black cannot exchange any rooks.}) 20... Rad8 21. Qd3
Rd7 22. Rxd7 Nxd7 23. Qd4+ Qf6 24. f4 Qxd4+ 25. Rxd4 Nb6 26. Bf3 f6 27. Kf2 Kf7
28. Ke3 Ke7 29. h4 h6 30. Rd1 a5 31. g4 Bf7 32. Be2 Ra8 33. Rb1 g5 34. h5 gxf4+
35. Kxf4 Be6 36. Bc4 Rd8 {The position has become a little tricky. Black
decides to play it safe before reaching the time control but it turns out to
be not so safe.} ({The principal line is} 36... Nxc4 37. bxc4 Rg8 $1 38. Rxb7+
Kd6 {when White has nothing better than} 39. e5+ (39. Rh7 $2 Rxg4+ 40. Kf3 Rh4
{loses a pawn}) 39... fxe5+ 40. Ke3 Bxc4 41. Ne4+ Ke6 42. Nc5+ Kd5 43. Ne4 Ke6
44. Nc5+ {with a repetition of moves that neither side can favorably avoid.})
37. Bxe6 Kxe6 38. Rd1 Rxd1 39. Nxd1 {Suddenly, it looks like Black is in
trouble because of his weak pawn on h6.} a4 $1 (39... Nc8 {covers the
f5-square in time but White can strike from the other side:} 40. Nb2 Nd6 41.
Na4 {Black's position is difficult to hold.}) 40. Ne3 {The h6-pawn is about to
fall, and White appears to be winning.} c5 41. Nf5 axb3 42. axb3 c4 43. bxc4
Nxc4 44. Nxh6 b5 {Black's counterplay turns out to be sufficient for a draw.}
45. Nf5 b4 46. Nd4+ ({Or} 46. h6 Kf7 47. h7 Ne5 48. g5 Ng6+ 49. Kg4 b3 50. Nd6+
Kg7 51. gxf6+ Kxf6 52. Nc4 Kg7 {with the same result.}) 46... Kf7 47. g5 fxg5+
48. Kxg5 Kg7 49. Nb3 Nd6 ({The players agreed to a draw here since after} 49...
Nd6 50. e5 Nf7+ 51. Kf5 Nxe5 52. Kxe5 Kh6 {Black picks up the opponent's last
pawn.}) 1/2-1/2

[Event "2015 Alberta Closed"]
[Site "Calgary"]
[Date "2015.04.04"]
[Round "3.2"]
[White "Kazmaier, Daniel"]
[Black "Yam, Alex"]
[Result "0-1"]
[WhiteElo "2312"]
[BlackElo "2367"]
[PlyCount "60"]
[EventDate "2015.04.03"]
[EventType "tourn"]
[EventRounds "5"]
[EventCountry "CAN"]

1. d4 Nf6 2. c4 g6 3. Nf3 Bg7 4. g3 O-O 5. Bg2 d5 6. cxd5 Nxd5 7. O-O c5 8.
dxc5 Na6 9. a3 $2 {The root of all White's problems as this move is too slow.}
(9. Ng5 {is the most popular continuation that scores well.}) 9... Nxc5 10. Qc2
Qb6 $1 {White is already in trouble.} 11. Nfd2 Be6 12. e4 (12. Nc4 $2 Qb3 $1 {
only makes things worse.}) 12... Nf6 13. Nc3 Rac8 14. h3 ({After} 14. b4 Ncxe4
15. Ndxe4 Nxe4 16. Qxe4 Rxc3 17. Bb2 Rc4 18. Qe2 Rfc8 {White's position is
simply depressing.}) 14... Rfd8 15. Kh2 Qa6 16. f4 b5 17. Qb1 $2 {Too passive.}
({White's last chance to create some play is} 17. f5 $5 gxf5 18. exf5 Bd7 19.
Nf3 {at least getting pieces into the game.}) 17... Na4 18. Nxa4 bxa4 19. e5 (
19. Re1 {may slow Black down but not for long.}) 19... Bf5 20. Qa2 Ne4 {Black
takes advantage of the fact that the f1-rook is insufficiently defended.} 21.
Nf3 Rc2 22. Re1 Qc8 {An excellent illustration of a complete domination.} 23.
Ng1 Nf2 24. h4 Ng4+ 25. Kh1 Be6 26. Qb1 Nf2+ 27. Kh2 Ng4+ 28. Kh1 Qc6 29. Nf3 (
29. Bxc6 {allows} Rh2#) 29... Bd5 30. Rf1 Bxf3 0-1